000 00243nam a22001097a 4500
008 170126b xxu||||| |||| 00| 0 eng d
020 _a9780879696252
041 _aeng
080 _a61
245 _aDNA MICROARRAYS
_cBOWTELL, D
942 _2udc
_cBK
999 _c3766
_d3766